000 00388nam a22001697a 4500
005 20160630095259.0
008 160630b xxu||||| |||| 00| 0 eng d
020 _a978-93-5014-315-5
041 _aeng
082 _b12918
100 _aGill, P.S
_93050
245 _aEngineering Drawing
260 _bKatson
_c2008
300 _a257
650 _aDiploma Engineering
_9817
942 _cBK
999 _c4827
_d4825